Joueurs passés par le Napoli - Mort subite - Statistiques

Statistiques générales
  • Ce quiz a été pris 308 fois
  • Le résultat moyen est 10 sur 20
Answers on the Grid
Answers color-coded by a green-red scale on the quiz's grid according to % correct below.
Marek Hamšík
Giovanni Di Lorenzo
Scott McTominay
Leonardo Spinazzola
Romelu Lukaku
Stanislav Lobotka
Khvicha Kvaratskhelia
Victor Osimhen
Diego Maradona
Edinson Cavani
Kóstas Manolás
Fabián Ruiz
Kim Min-jae
Allan
Roberto De Zerbi
Pepe Reina
Kalidou Koulibaly
Kévin Malcuit
Jorginho
Matteo Politano
Alex Telles
Roberto Baggio
Frank Lampard
Noa Lang
Arda Turan
Francesco Totti
Dominik Szobozlai
Moise Kean
Carlos Tévez
Kamil Glik
Matteo Darmian
Mats Hummels
Jérémy Ménez
Serge Aurier
Gabriel Batistuta
Federico Bernardeschi
 
Statistiques - réponses
Réponse % Correct
Khvicha Kvaratskhelia
63%
Kalidou Koulibaly
62%
Victor Osimhen
61%
Diego Maradona
60%
Marek Hamšík
58%
Edinson Cavani
57%
Romelu Lukaku
57%
Allan
56%
Fabián Ruiz
54%
Scott McTominay
54%
Giovanni Di Lorenzo
51%
Pepe Reina
51%
Kim Min-jae
49%
Stanislav Lobotka
49%
Matteo Politano
47%
Kévin Malcuit
46%
Jorginho
43%
Kóstas Manolás
40%
Leonardo Spinazzola
35%
Roberto De Zerbi
12%
Aucun quiz correspondant
Distribution des résultats
% des personnes avec chaque résultat
Percentile par nombre de réponses
Votre historique - résultats
Vous n’avez pas pris ce quiz